Fungovanie rozpočtových a fiškálnych rád vo vybraných krajinách OECD

Poskytovanie odborných, komplexných a politicky neprifarbených informácií o vývoji verejných financií, je dôležitou súčasťou nového fiškálneho rámca tak na národnej ako aj na európskej úrovni. Koncepcia zákona o rozpočtovej zodpovednosti.

Gespeichert in:
Bibliographische Detailangaben
1. Verfasser: Neupauerová, Zuzana
Format: Buchkapitel
Sprache:Slowakisch
Schlagworte:
Tags: Tag hinzufügen
Keine Tags, Fügen Sie das erste Tag hinzu!

MARC

LEADER 00000nla a2200000 4500
001 0185201
005 20240502073156.2
041 0 |a slo 
044 |a SK 
245 1 0 |a Fungovanie rozpočtových a fiškálnych rád vo vybraných krajinách OECD  |c Zuzana Neupauerová 
520 |a Poskytovanie odborných, komplexných a politicky neprifarbených informácií o vývoji verejných financií, je dôležitou súčasťou nového fiškálneho rámca tak na národnej ako aj na európskej úrovni. Koncepcia zákona o rozpočtovej zodpovednosti. 
610 2 0 |a financie verejné 
610 2 0 |a plánovanie rozpočtové 
610 2 0 |a obdobie rozpočtové 
610 2 0 |a politika fiškálna 
610 2 0 |a zodpovednosť rozpočtová 
610 2 0 |a OECD 
100 1 |a Neupauerová, Zuzana